000
00345nam a2200157 4500
008
190521s1997||||CZ d
245
1
0
_a
EKG pro praxi
260
_b
GRADA
_a
Praha
_c
1997
100
1
_a
Hampton J.R.
_9
1117
250
_a
1.vydanie
300
_a
320s.
020
_a
8071694266
_c
0
041
1
_a
cze
044
_a
CZ
958
_a
AUL
999
_c
22413
_d
22413